[Event "ICS rated standard match"]
[Site "204.178.125.65"]
[Date "2000.10.07"]
[Round "?"]
[White "Mefisto5000"]
[Black "Hossa"]
[Result "0-1"]
[WhiteElo "2029"]
[BlackElo "2413"]
[PlyCount "32"]
[EventDate "2000.??.??"]

1. d4 d5 2. c4 dxc4 3. Nf3 Nf6 4. e3 e6 5. Bxc4 c5 6. O-O a6 7. Qe2 b5 8. Bb3
Bb7 9. Rd1 Nbd7 10. Nbd2 Qc7 11. Nf1 Bd6 12. Ng3 O-O 13. Bd2 Ne4 14. Nxe4 Bxe4
15. h3 c4 16. Ng5 Bd3 {Mefisto5000 resigns} 0-1

[Event "ICS rated standard match"]
[Site "204.178.125.65"]
[Date "2000.10.07"]
[Round "?"]
[White "Hossa"]
[Black "Mefisto5000"]
[Result "1-0"]
[WhiteElo "2416"]
[BlackElo "2026"]
[PlyCount "97"]
[EventDate "2000.??.??"]

1. e4 e6 2. d4 d5 3. Nc3 Nf6 4. Bg5 Be7 5. e5 Nfd7 6. Bxe7 Qxe7 7. f4 c6 8. Qg4
g6 9. O-O-O b6 10. h4 h5 11. Qg3 a5 12. Nf3 a4 13. Bd3 b5 14. Nb1 b4 15. Qg5
Ba6 16. Qxe7+ Kxe7 17. a3 bxa3 18. bxa3 Bxd3 19. Rxd3 c5 20. Nc3 c4 21. Rdd1
Nc6 22. Kd2 Rhb8 23. Rb1 Nb6 24. Rb2 Kd7 25. Rhb1 Ra6 26. Ke2 Nd8 27. Ng5 Kc6
28. Nh7 Raa8 29. Nf6 Nd7 30. Rxb8 Rxb8 31. Rxb8 Nxb8 32. Nxa4 Na6 33. Ke3 Nb7
34. Nc3 Nc7 35. a4 Kb6 36. f5 exf5 37. Ncxd5+ Nxd5+ 38. Nxd5+ Ka5 39. Nc3 Kb4
40. Kd2 Nd8 41. Nd5+ Kxa4 42. Kc3 Kb5 43. Ne3 Ne6 44. Nxc4 Nf4 45. Nd6+ Kc6 46.
g3 Ne2+ 47. Kd3 Nxg3 48. Nxf7 Kd5 49. Nd8 {Mefisto5000 resigns} 1-0

[Event "ICS rated standard match"]
[Site "204.178.125.65"]
[Date "2000.10.07"]
[Round "?"]
[White "Mefisto5000"]
[Black "Hossa"]
[Result "0-1"]
[WhiteElo "2023"]
[BlackElo "2419"]
[PlyCount "27"]
[EventDate "2000.??.??"]

1. d4 d5 2. c4 dxc4 3. Nf3 Nf6 4. e3 b5 5. a4 c6 6. b3 cxb3 7. axb5 Be6 8. Nbd2
Qb6 9. Nxb3 cxb5 10. Nc5 Bd5 11. Nd2 e6 12. Bb2 a5 13. Rc1 Na6 14. f3 {
Mefisto5000 resigns} 0-1

[Event "ICS rated blitz match"]
[Site "204.178.125.65"]
[Date "2000.10.07"]
[Round "?"]
[White "toto"]
[Black "Hossa"]
[Result "0-1"]
[WhiteElo "2142"]
[BlackElo "2534"]
[PlyCount "35"]
[EventDate "2000.??.??"]

1. d4 d5 2. c4 e6 3. Nf3 Nf6 4. Nc3 Nc6 5. Bg5 dxc4 6. a4 Na5 7. e4 Be7 8. Be2
O-O 9. O-O b6 10. Ne5 Bb7 11. f3 Nxe4 12. Bxe7 Nxc3 13. Bxd8 Nxd1 14. Rfxd1
Rfxd8 15. Nxc4 Nb3 16. Ra3 Nxd4 17. Bf1 Nxf3+ 18. Rxf3 {toto resigns} 0-1

[Event "ICS rated blitz match"]
[Site "204.178.125.65"]
[Date "2000.10.07"]
[Round "?"]
[White "maese"]
[Black "Hossa"]
[Result "0-1"]
[WhiteElo "1944"]
[BlackElo "2544"]
[PlyCount "62"]
[EventDate "2000.??.??"]

1. e4 e6 2. d4 d5 3. Nd2 c5 4. c3 cxd4 5. cxd4 dxe4 6. Nxe4 Bb4+ 7. Nc3 Nf6 8.
Bb5+ Bd7 9. Qa4 Bxb5 10. Qxb5+ Nc6 11. Nge2 Qd7 12. Be3 a6 13. Qa4 O-O 14. O-O
b5 15. Qc2 Rac8 16. a3 Bd6 17. Ne4 Ng4 18. Qd3 Bxh2+ 19. Kh1 Bc7 20. g3 Qd5 21.
Nf4 Bxf4 22. gxf4 f5 23. Rg1 fxe4 24. Qe2 Qh5+ 25. Kg2 Rc7 26. Kf1 Nh2+ 27. Ke1
Nf3+ 28. Kd1 Ncxd4 29. Bxd4 Rd8 30. Qxe4 Rxd4+ 31. Qxd4 Nxg1+ {maese resigns}
0-1

[Event "ICS Rated blitz match"]
[Site "204.178.125.65"]
[Date "2000.10.07"]
[Round "?"]
[White "Hossa"]
[Black "eggyburp"]
[Result "1-0"]
[WhiteElo "2545"]
[BlackElo "2228"]
[PlyCount "73"]
[EventDate "2000.??.??"]

1. d4 d5 2. c4 e6 3. Nc3 Nf6 4. Bg5 Be7 5. e3 h6 6. Bh4 O-O 7. c5 Nc6 8. Nf3
Ne4 9. Bxe7 Qxe7 10. Nxe4 dxe4 11. Nd2 e5 12. d5 Nb4 13. Nxe4 Bf5 14. Qd2 a5
15. d6 cxd6 16. cxd6 Qd8 17. a3 Bxe4 18. axb4 axb4 19. Rxa8 Qxa8 20. f3 Bc6 21.
Kf2 f5 22. Qxb4 f4 23. Bc4+ Kh8 24. Re1 e4 25. fxe4 fxe3+ 26. Kxe3 Qa7+ 27. Kd3
Qf2 28. Re2 Qf1 29. Qc3 Rd8 30. e5 Bxg2 31. Qe1 Qf5+ 32. Kc3 Bc6 33. Qg3 b5 34.
Bd3 Qe6 35. Qg6 b4+ 36. Kd2 Bd7 37. Qh7# {eggyburp checkmated} 1-0

[Event "ICS rated blitz match"]
[Site "204.178.125.65"]
[Date "2000.10.07"]
[Round "?"]
[White "counterplay"]
[Black "Hossa"]
[Result "1-0"]
[WhiteElo "2838"]
[BlackElo "2549"]
[PlyCount "137"]
[EventDate "2000.??.??"]

1. Nf3 d5 2. d4 c6 3. Bf4 Bf5 4. e3 e6 5. Be2 Bd6 6. Bxd6 Qxd6 7. O-O Nd7 8.
Nh4 Bg6 9. Nd2 Ngf6 10. c4 O-O-O 11. cxd5 exd5 12. Rc1 Ne4 13. Nxe4 Bxe4 14.
Nf3 h6 15. Nd2 Bf5 16. Bg4 Bd3 17. Re1 Qg6 18. Nf3 Qxg4 19. Qxd3 Kb8 20. b4 Qe4
21. Qe2 Rc8 22. b5 c5 23. Nd2 Qf5 24. Nf3 Qe4 25. Nd2 Qf5 26. dxc5 Nxc5 27. Nf3
Nd3 28. Rxc8+ Rxc8 29. Nd4 Qe4 30. f3 Qh7 31. Rd1 Ne5 32. Qb2 Nc4 33. Qc3 Qg6
34. a4 Qg5 35. Re1 g6 36. a5 Qh4 37. a6 Ne5 38. Qd2 b6 39. Qb4 Qf2+ 40. Kxf2
Nd3+ 41. Ke2 Nxb4 42. Rb1 Na2 43. Kd2 Rc4 44. Rb2 Nc3 45. Rb3 Na4 46. Nc6+ Ka8
47. Ne5 Rc7 48. Rb4 Nc5 49. Rf4 Nb3+ 50. Ke2 Nc1+ 51. Kf1 h5 52. Nxf7 Na2 53.
Rf6 Kb8 54. Ne5 Rc1+ 55. Kf2 Nc3 56. Rc6 Na2 57. Nd7+ Ka8 58. h4 Rc4 59. Rxg6
Rc2+ 60. Ke1 Rc1+ 61. Kd2 Rc8 62. Rxb6 Rg8 63. Rb7 Nb4 64. b6 Rxg2+ 65. Kc3 d4+
66. Kb3 Rb2+ 67. Kxb2 Nd3+ 68. Kb1 dxe3 69. Rxa7# {Hossa checkmated} 1-0

[Event "ICS rated standard match"]
[Site "204.178.125.65"]
[Date "2000.10.07"]
[Round "?"]
[White "PolarBear1"]
[Black "Hossa"]
[Result "0-1"]
[WhiteElo "1937"]
[BlackElo "2422"]
[PlyCount "48"]
[EventDate "2000.??.??"]

1. Nf3 d5 2. d4 c6 3. e3 Nf6 4. Ne5 Nbd7 5. f4 Nxe5 6. fxe5 Ne4 7. Bd3 h5 8.
Bxe4 dxe4 9. c4 h4 10. O-O h3 11. g3 f5 12. Nc3 e6 13. a3 Qg5 14. b4 Bd7 15.
Bd2 O-O-O 16. Rc1 Kb8 17. b5 Bxa3 18. Ra1 Bb2 19. Ra2 Bxc3 20. Qa4 a6 21. bxa6
Bxd2 22. axb7 Qxe3+ 23. Rf2 Qe1+ 24. Rf1 Be3+ {PolarBear1 resigns} 0-1

[Event "ICS rated blitz match"]
[Site "204.178.125.65"]
[Date "2000.10.07"]
[Round "?"]
[White "rmdg567"]
[Black "Hossa"]
[Result "0-1"]
[WhiteElo "2004"]
[BlackElo "2546"]
[PlyCount "46"]
[EventDate "2000.??.??"]

1. e4 e6 2. d4 d5 3. Nc3 Bb4 4. a3 Bxc3+ 5. bxc3 dxe4 6. Qg4 Nf6 7. Qxg7 Rg8 8.
Qh6 Nbd7 9. Ne2 Rg6 10. Qe3 Nb6 11. Nf4 Nbd5 12. Nxd5 exd5 13. h3 Rb8 14. a4
Bd7 15. a5 a6 16. Ba3 Bb5 17. Bxb5+ axb5 18. g4 Nd7 19. O-O-O Ra8 20. Bb4 b6
21. axb6 Nxb6 22. Kb1 Nc4 23. Qg3 Rga6 {rmdg567 resigns} 0-1

[Event "ICS rated blitz match"]
[Site "204.178.125.65"]
[Date "2000.10.07"]
[Round "?"]
[White "Hossa"]
[Black "rmdg567"]
[Result "1-0"]
[WhiteElo "2547"]
[BlackElo "2003"]
[PlyCount "51"]
[EventDate "2000.??.??"]

1. e4 c5 2. Nc3 Nc6 3. d3 g6 4. g3 Bg7 5. Bg2 e6 6. Nf3 d6 7. O-O Nge7 8. Be3
O-O 9. Qd2 Re8 10. Bh6 Bh8 11. a3 Rb8 12. Qf4 e5 13. Qc1 Nd4 14. Nd2 f5 15. f4
Be6 16. fxe5 dxe5 17. Rf2 b5 18. a4 b4 19. Nb5 a6 20. Nxd4 cxd4 21. Nf3 fxe4
22. dxe4 b3 23. Ng5 Bc4 24. Bf1 Bxf1 25. Qxf1 Qd6 26. Qc4+ {rmdg567 resigns}
1-0

[Event "ICS rated standard match"]
[Site "204.178.125.65"]
[Date "2000.10.07"]
[Round "?"]
[White "Hossa"]
[Black "scriabin"]
[Result "1-0"]
[WhiteElo "2424"]
[BlackElo "2148"]
[PlyCount "31"]
[EventDate "2000.??.??"]

1. d4 Nf6 2. c4 g6 3. Nc3 d5 4. Qb3 dxc4 5. Qxc4 Bg7 6. e4 O-O 7. Nf3 Nc6 8. d5
Na5 9. Qa4 c6 10. dxc6 Nxc6 11. Be2 Qb6 12. O-O Rd8 13. Nb5 a6 14. Be3 Qa5 15.
Qxa5 Nxa5 16. Nc7 {scriabin resigns} 1-0

[Event "ICS rated standard match"]
[Site "204.178.125.65"]
[Date "2000.10.07"]
[Round "?"]
[White "scriabin"]
[Black "Hossa"]
[Result "0-1"]
[WhiteElo "2143"]
[BlackElo "2429"]
[PlyCount "74"]
[EventDate "2000.??.??"]

1. d4 d5 2. c4 c6 3. Nc3 Nf6 4. e3 e6 5. Nf3 Nbd7 6. Bd3 dxc4 7. Bxc4 Bb4 8.
O-O O-O 9. a3 Bd6 10. e4 e5 11. Bg5 Qe7 12. d5 Nb6 13. Ba2 Bg4 14. h3 Bh5 15.
dxc6 bxc6 16. g4 Bg6 17. Qe2 h6 18. Bh4 Rfd8 19. Rad1 Rab8 20. Kg2 Rb7 21. Rd3
Rbd7 22. Rfd1 Kh8 23. Nh2 Bc7 24. Rxd7 Nbxd7 25. f3 Bb6 26. Nf1 Bd4 27. Qc4 Qd6
28. Bf2 Nb6 29. Qe2 Qe7 30. Bh4 Rd6 31. Ne3 Kg8 32. Nc2 Rd8 33. Nb4 Rc8 34. Qa6
Rc7 35. Nc2 Rd7 36. Qa5 Bxc3 37. Rxd7 Nfxd7 {scriabin resigns} 0-1

[Event "ICS rated standard match"]
[Site "204.178.125.65"]
[Date "2000.10.07"]
[Round "?"]
[White "Hossa"]
[Black "Bootemout"]
[Result "1-0"]
[WhiteElo "2434"]
[BlackElo "2055"]
[PlyCount "127"]
[EventDate "2000.??.??"]

1. e4 c6 2. d4 d5 3. Nc3 dxe4 4. Nxe4 Nf6 5. Nxf6+ exf6 6. Bc4 Be7 7. Ne2 O-O
8. O-O Be6 9. Bxe6 fxe6 10. Nf4 Qd6 11. Qg4 e5 12. Ne6 Rf7 13. dxe5 fxe5 14.
Rd1 h5 15. Rxd6 hxg4 16. Rd1 Na6 17. Bg5 Bxg5 18. Nxg5 Re7 19. Rd2 Nb4 20. Re1
Nd5 21. c4 Nf6 22. Red1 Rae8 23. Rd8 g6 24. Rxe8+ Rxe8 25. Rd6 Kg7 26. Ne6+ Kf7
27. Nd8+ Kg7 28. Kf1 Re7 29. Ne6+ Kf7 30. Ng5+ Kg7 31. Re6 Rxe6 32. Nxe6+ Kg8
33. Nd8 b5 34. Nxc6 bxc4 35. Nxe5 Nd5 36. Nxg6 c3 37. bxc3 Nxc3 38. a3 Nb5 39.
a4 Nc3 40. a5 Nd5 41. Ne5 Nb4 42. Nxg4 Nc6 43. a6 Nb4 44. Ne5 Nxa6 45. Nc6 Nc5
46. Nxa7 Ne6 47. Ke2 Nf4+ 48. Kf3 Ne6 49. h4 Ng7 50. g4 Ne6 51. Nc6 Kg7 52. Ke3
Nf8 53. f4 Ng6 54. h5 Nf8 55. g5 Ne6 56. Nd4 Nf8 57. f5 Nd7 58. Ne6+ Kg8 59.
Kd4 Kf7 60. h6 Kg8 61. g6 Kh8 62. g7+ Kh7 63. Nf8+ Kg8 64. Nxd7 {
Bootemout resigns} 1-0

[Event "ICS rated blitz match"]
[Site "204.178.125.65"]
[Date "2000.10.07"]
[Round "?"]
[White "BlueFlame"]
[Black "Hossa"]
[Result "1-0"]
[WhiteElo "2810"]
[BlackElo "2548"]
[PlyCount "107"]
[EventDate "2000.??.??"]

1. e4 c6 2. d4 d5 3. Nc3 dxe4 4. Nxe4 Nd7 5. Nf3 Ngf6 6. Ng3 e6 7. Bd3 Be7 8.
O-O c5 9. Qe2 cxd4 10. Nxd4 Nc5 11. Bb5+ Bd7 12. Bxd7+ Ncxd7 13. Rd1 O-O 14.
Bf4 Qb6 15. c3 Rfd8 16. c4 e5 17. Bxe5 Nxe5 18. Qxe5 Bd6 19. Qb5 Bxg3 20. Qxb6
Bxf2+ 21. Kxf2 axb6 22. Kf3 h5 23. h3 b5 24. Nxb5 Rxd1 25. Rxd1 Rxa2 26. Rd2
Ra4 27. b3 Ra6 28. g3 g5 29. Re2 Re6 30. Rxe6 fxe6 31. Nd6 b6 32. Ne4 Nxe4 33.
Kxe4 Kf8 34. Ke5 Ke7 35. b4 Kd7 36. Kf6 g4 37. h4 e5 38. Kxe5 Kc6 39. Ke6 Kc7
40. c5 b5 41. Kf5 Kd7 42. Kf6 Kc6 43. Kg5 Kd5 44. Kxh5 Ke5 45. Kg6 Ke6 46. h5
Ke7 47. h6 Kf8 48. h7 Ke7 49. h8=Q Kd7 50. Qf8 Kc6 51. Qd6+ Kb7 52. c6+ Ka7 53.
Qc7+ Ka6 54. Qb7# {Hossa checkmated} 1-0

[Event "ICS rated blitz match"]
[Site "204.178.125.65"]
[Date "2000.10.07"]
[Round "?"]
[White "Hossa"]
[Black "QueenMaxima"]
[Result "0-1"]
[WhiteElo "2542"]
[BlackElo "2560"]
[PlyCount "168"]
[EventDate "2000.??.??"]

1. d4 e6 2. e3 Nf6 3. Bd3 d5 4. f4 c5 5. c3 Nc6 6. Nd2 Bd7 7. Nh3 c4 8. Bc2 Be7
9. b3 Qa5 10. Bb2 b5 11. a3 O-O 12. b4 Qc7 13. Nf2 a5 14. Nf3 Ra7 15. Ne5 axb4
16. axb4 Rfa8 17. Rxa7 Qxa7 18. O-O Qc7 19. Bb1 Bc8 20. Qf3 Ra4 21. Rd1 Ba6 22.
Nfg4 Nxg4 23. Qxg4 Bd6 24. Qh4 h6 25. Nxc6 Qxc6 26. Qd8+ Bf8 27. Re1 Qd6 28.
Qh4 Be7 29. Qg4 Qc7 30. Qh5 Qb6 31. g4 Bf8 32. g5 g6 33. Bxg6 fxg6 34. Qxg6+
Kh8 35. gxh6 Qd6 36. h7 Bg7 37. f5 Qe7 38. Qxe6 Qxe6 39. fxe6 Bb7 40. e4 Ra8
41. exd5 Bxd5 42. e7 Re8 43. Bc1 Bf6 44. Rf1 Bxe7 45. Rf5 Bc6 46. Rh5 Bxb4 47.
Bg5 Be7 48. Bf4 Bf8 49. Kf2 Bg7 50. Bd6 Re6 51. Bf4 Be8 52. Rh4 Bg6 53. Be3 Ra6
54. Kf3 Ra3 55. Bd2 b4 56. h3 b3 57. Bc1 Ra1 58. Bb2 Ra2 59. Bc1 b2 60. Bxb2
Rxb2 61. d5 Bd3 62. d6 Rb6 63. Rh5 Rxd6 64. Ra5 Bxc3 65. Ra7 Rh6 66. Kg3 Rxh7
67. Ra8+ Kg7 68. Re8 Kf6 69. Kg2 Be5 70. Rc8 Rxh3 71. Rc6+ Kg5 72. Rc5 Re3 73.
Rc8 c3 74. Rg8+ Kf5 75. Kf2 Bd4 76. Rf8+ Kg4 77. Rg8+ Kh3 78. Rh8+ Bxh8 79.
Kxe3 Bc4 80. Kf3 c2 81. Kf4 c1=Q+ 82. Kf5 Qg1 83. Kf4 Bd5 84. Kf5 Qg4# {
Hossa checkmated} 0-1

[Event "ICS rated blitz match"]
[Site "204.178.125.65"]
[Date "2000.10.07"]
[Round "?"]
[White "QueenMaxima"]
[Black "Hossa"]
[Result "0-1"]
[WhiteElo "2575"]
[BlackElo "2527"]
[PlyCount "106"]
[EventDate "2000.??.??"]

1. d4 Nf6 2. Bf4 g6 3. Nf3 Bg7 4. e3 O-O 5. Nbd2 d6 6. h3 c5 7. Be2 Nd5 8. Bh2
cxd4 9. exd4 Bf5 10. c3 Re8 11. Qb3 Nb6 12. O-O d5 13. a4 a5 14. Nh4 Bd7 15.
Rfe1 e5 16. Bxe5 Bxe5 17. dxe5 Nc6 18. Nhf3 Nxe5 19. Nxe5 Rxe5 20. Bb5 Re6 21.
Nf3 Qc7 22. Nd4 Rxe1+ 23. Rxe1 Bc6 24. Qa3 Bxb5 25. Nxb5 Qf4 26. b3 Qd2 27. Re7
Rd8 28. Qc5 Nc8 29. Rxb7 Re8 30. Rc7 Qe1+ 31. Kh2 Ne7 32. Nd6 Rb8 33. Nb7 Re8
34. Nxa5 Qe5+ 35. g3 Qe2 36. b4 h5 37. c4 h4 38. gxh4 Nf5 39. Rc8 Qe5+ 40. Kg1
Qe1+ 41. Kg2 Nxh4+ 42. Kg3 Qe5+ 43. f4 Qe1+ 44. Qf2 Nf5+ 45. Kg2 Qe4+ 46. Kh2
Rxc8 47. h4 dxc4 48. h5 c3 49. hxg6 c2 50. Nb3 Kg7 51. Kg1 c1=Q+ 52. Qe1 Qcxe1+
53. Kh2 Rh8# {QueenMaxima checkmated} 0-1

[Event "ICS rated blitz match"]
[Site "204.178.125.65"]
[Date "2000.10.07"]
[Round "?"]
[White "Hossa"]
[Black "Popquiz777"]
[Result "1/2-1/2"]
[WhiteElo "2545"]
[BlackElo "2516"]
[PlyCount "143"]
[EventDate "2000.??.??"]

1. e4 c6 2. d4 d5 3. Nc3 dxe4 4. Nxe4 Bf5 5. Ng3 Bg6 6. Bc4 e6 7. N1e2 Nf6 8.
Nf4 Bd6 9. Bb3 Nbd7 10. Qf3 Qc7 11. Nxg6 hxg6 12. Bg5 Bxg3 13. fxg3 c5 14.
O-O-O O-O 15. Bf4 Qb6 16. d5 e5 17. Bg5 Qa6 18. c4 Rfe8 19. Qe2 e4 20. Kb1 Re5
21. Bxf6 Nxf6 22. Qf2 e3 23. Qe2 Nxd5 24. Rd3 Rae8 25. cxd5 c4 26. Rd4 cxb3 27.
Qxa6 bxa6 28. axb3 e2 29. Re1 f6 30. d6 Kf7 31. Rd2 a5 32. Ka2 Re3 33. Ka3 R3e4
34. d7 Rd8 35. Rexe2 Rxe2 36. Rxe2 Rxd7 37. Rc2 Rd1 38. Ka4 Ra1+ 39. Kb5 Ra2
40. g4 Ke6 41. h3 g5 42. g3 Kd5 43. Re2 Ra1 44. Re7 Ra2 45. Rxa7 Rxb2 46. Ka4
Ra2+ 47. Kb5 Ra3 48. Rxg7 Rxb3+ 49. Kxa5 Rxg3 50. Rh7 Rb3 51. Ka4 Rc3 52. Rh8
Ke4 53. Kb4 Rf3 54. Kc4 Ke5 55. Rh7 Rg3 56. Re7+ Kf4 57. Rh7 Kf3 58. Kd5 Kg2
59. Ke6 Rxh3 60. Rf7 Re3+ 61. Kxf6 Rf3+ 62. Kxg5 Rxf7 63. Kh6 Kf3 64. g5 Kg4
65. g6 Rf6 66. Kh7 Kg5 67. g7 Rh6+ 68. Kg8 Kf5 69. Kf8 Rf6+ 70. Ke8 Rg6 71. Kf8
Rxg7 72. Kxg7 {Game drawn because neither player has mating material} 1/2-1/2

[Event "ICS rated blitz match"]
[Site "204.178.125.65"]
[Date "2000.10.07"]
[Round "?"]
[White "ronybony"]
[Black "Hossa"]
[Result "0-1"]
[WhiteElo "2116"]
[BlackElo "2544"]
[PlyCount "64"]
[EventDate "2000.??.??"]

1. e4 e5 2. Nf3 Nc6 3. d4 exd4 4. Nxd4 Nf6 5. Nxc6 bxc6 6. e5 Qe7 7. Qe2 Nd5 8.
c4 Ba6 9. b3 g6 10. Bb2 Bg7 11. g3 d6 12. Qe4 f5 13. Qf3 dxe5 14. cxd5 e4 15.
Qf4 Bxb2 16. Bxa6 cxd5 17. Bb5+ Kf8 18. O-O Bxa1 19. Nd2 Be5 20. Qh6+ Bg7 21.
Qf4 Rd8 22. Rc1 c5 23. b4 c4 24. Nf1 Qxb4 25. Qc7 Bf6 26. Qc6 Qd6 27. Qb7 Rb8
28. Qxa7 Rxb5 29. Ne3 Qc6 30. a4 Rb2 31. a5 Rb7 32. Qa8+ Kg7 {ronybony resigns}
0-1

[Event "ICS rated blitz match"]
[Site "204.178.125.65"]
[Date "2000.10.07"]
[Round "?"]
[White "Hossa"]
[Black "STYNETS"]
[Result "1/2-1/2"]
[WhiteElo "2547"]
[BlackElo "2337"]
[PlyCount "197"]
[EventDate "2000.??.??"]

1. d4 Nf6 2. c4 g6 3. Nc3 Bg7 4. e4 O-O 5. Nf3 d6 6. h3 c5 7. d5 a6 8. Bd3 b5
9. cxb5 axb5 10. Nxb5 Ba6 11. Nc3 Nbd7 12. Bxa6 Rxa6 13. O-O Qb6 14. Qe2 Rfa8
15. Ng5 h6 16. Nf3 Ne8 17. Nh2 h5 18. Nf3 Nc7 19. a3 Ra5 20. Qd3 Nb5 21. Ne2
Ne5 22. Nxe5 Bxe5 23. Qb3 Qa6 24. Qc2 Nd4 25. Nxd4 Bxd4 26. Be3 Bxe3 27. fxe3
Qb7 28. Rf2 Rb5 29. Raf1 Rf8 30. Qc3 Rb3 31. Qd2 Qb5 32. Qe2 Qa4 33. Qc2 Qb5
34. Re1 Kg7 35. Qe2 c4 36. Rc1 Rc8 37. Rcf1 f6 38. Re1 c3 39. Qxb5 Rxb5 40.
bxc3 Rxc3 41. Ra2 Ra5 42. Kf2 Rcxa3 43. Rxa3 Rxa3 44. Rc1 g5 45. Rc7 Kf7 46.
Kf3 h4 47. Rd7 Ra2 48. Rd8 Ra4 49. Rb8 Ra1 50. Rb7 Rf1+ 51. Ke2 Ra1 52. Rb6 Ra5
53. Rb1 f5 54. Rf1 e6 55. dxe6+ Kxe6 56. exf5+ Rxf5 57. Rd1 Ra5 58. Kf3 Ra2 59.
Rc1 Ke5 60. Rc7 d5 61. Rg7 Kf5 62. Rd7 Ke5 63. Rc7 Ra3 64. Rg7 Kf5 65. Rd7 Ke5
66. Rd8 Rb3 67. Rg8 Kf5 68. Rf8+ Ke5 69. Ra8 d4 70. Re8+ Kf5 71. Rf8+ Kg6 72.
Ke4 dxe3 73. Kf3 Rb2 74. Rg8+ Kf6 75. Rc8 Rf2+ 76. Kxe3 Rxg2 77. Ke4 Rg3 78.
Rc6+ Ke7 79. Rc7+ Kd6 80. Rg7 Ke6 81. Rg6+ Kf7 82. Kf5 Rf3+ 83. Kg4 Rg3+ 84.
Kh5 g4 85. hxg4 h3 86. Rh6 h2 87. Kg5 Rg2 88. Rh7+ Ke6 89. Kf4 Ra2 90. Rh6+ Kf7
91. Kg3 Kg7 92. Rh5 Kg6 93. Rh4 Kg5 94. Rh5+ Kg6 95. Rh4 Kg5 96. Rh5+ Kg6 97.
Rh4 Kg5 98. Rh5+ Kg6 99. Rh4 {Game drawn by repetition} 1/2-1/2

[Event "ICS Rated standard match"]
[Site "204.178.125.65"]
[Date "2000.10.07"]
[Round "?"]
[White "counterplay"]
[Black "Hossa"]
[Result "1-0"]
[WhiteElo "2556"]
[BlackElo "2437"]
[PlyCount "109"]
[EventDate "2000.??.??"]

1. e4 e5 2. Nf3 Nc6 3. d4 exd4 4. Nxd4 Nf6 5. Nxc6 bxc6 6. e5 Qe7 7. Qe2 Nd5 8.
c4 Ba6 9. Qe4 Nb6 10. Nc3 Bb7 11. Bd3 d5 12. exd6 cxd6 13. O-O Qxe4 14. Nxe4 d5
15. cxd5 Nxd5 16. Re1 Bb4 17. Nd2+ Be7 18. Bc4 Nb4 19. Re2 Rd8 20. Nf1 Rd7 21.
Bg5 h6 22. Bxe7 Rxe7 23. Rae1 Rxe2 24. Rxe2+ Kd7 25. Bxf7 Rf8 26. Bc4 Nd5 27.
Ng3 Bc8 28. f3 g6 29. Rd2 Kd6 30. Ne4+ Ke5 31. a3 Ne3 32. Bd3 Bf5 33. Nc5 Rd8
34. Re2 Kf4 35. g3+ Ke5 36. Bxf5 Kxf5 37. Rxe3 Rd5 38. Ne4 Rd1+ 39. Kg2 Rb1 40.
Re2 Rc1 41. g4+ Ke5 42. Nc5+ Kd6 43. Nd3 Rd1 44. Ne5 g5 45. Nf7+ Kc5 46. Nxh6
Rd7 47. Kg3 Kc4 48. Nf5 Rd3 49. h4 gxh4+ 50. Nxh4 Kb3 51. g5 Rd5 52. g6 c5 53.
Re7 Kxb2 54. Rb7+ Ka2 55. g7 {Hossa resigns} 1-0

[Event "ICS rated blitz match"]
[Site "204.178.125.65"]
[Date "2000.10.07"]
[Round "?"]
[White "QueenMaxima"]
[Black "Hossa"]
[Result "0-1"]
[WhiteElo "2544"]
[BlackElo "2538"]
[PlyCount "98"]
[EventDate "2000.??.??"]

1. d4 Nf6 2. Bf4 g6 3. Nf3 Bg7 4. e3 O-O 5. Nbd2 d6 6. h3 c5 7. Be2 Nd5 8. Bg5
h6 9. Bh4 cxd4 10. exd4 Nf4 11. O-O Qd7 12. c3 Nxg2 13. Kxg2 Qxh3+ 14. Kg1 g5
15. Bg3 Nc6 16. d5 Ne5 17. Nxe5 Bxe5 18. Bxe5 dxe5 19. Re1 f6 20. Bf1 Qh4 21.
Re4 g4 22. Nf3 Qh5 23. Nh2 Rf7 24. Rc1 Rg7 25. Bd3 Qh3 26. Nf1 g3 27. Nxg3
Rxg3+ 28. fxg3 Qxg3+ 29. Kf1 Bf5 30. Qc2 Rf8 31. Rd4 Bh3+ 32. Ke2 exd4 33. cxd4
Rc8 34. Qd2 Qg2+ 35. Ke3 Qg5+ 36. Kf3 Qxd2 37. Rxc8+ Bxc8 38. Bc4 Qxd4 39. b3
b5 40. Bf1 Qxd5+ 41. Ke3 Bg4 42. Bxb5 Qxb5 43. Kd4 e5+ 44. Kc3 e4 45. b4 Qd3+
46. Kb2 e3 47. a3 e2 48. a4 e1=Q 49. b5 Qeb1# {QueenMaxima checkmated} 0-1

[Event "ICS Rated blitz match"]
[Site "204.178.125.65"]
[Date "2000.10.07"]
[Round "?"]
[White "Hossa"]
[Black "QueenMaxima"]
[Result "0-1"]
[WhiteElo "2554"]
[BlackElo "2528"]
[PlyCount "118"]
[EventDate "2000.??.??"]

1. e4 c5 2. Nf3 e6 3. d4 cxd4 4. Nxd4 Nc6 5. Nc3 Qc7 6. Be2 a6 7. O-O Nf6 8.
Be3 Be7 9. f4 d6 10. Qe1 O-O 11. Qg3 Bd7 12. Kh1 Nxd4 13. Bxd4 Bc6 14. Bf3 Rac8
15. e5 dxe5 16. fxe5 Nd5 17. Nxd5 Bxd5 18. Bxd5 exd5 19. c3 Bc5 20. Rad1 Rce8
21. Qf3 Bxd4 22. cxd4 Qd7 23. Rf2 f6 24. Rdf1 Qd8 25. Kg1 fxe5 26. Qxf8+ Rxf8
27. Rxf8+ Qxf8 28. Rxf8+ Kxf8 29. dxe5 Ke7 30. h4 Ke6 31. Kf2 d4 32. Ke2 Kxe5
33. Kd3 h5 34. b3 b6 35. b4 b5 36. a3 Kd5 37. g3 Ke5 38. Kd2 Ke4 39. Ke2 d3+
40. Kd2 Kf3 41. Kxd3 Kxg3 42. Ke4 Kxh4 43. Kd5 Kg3 44. Kc6 h4 45. Kb6 h3 46.
Kxa6 h2 47. Kxb5 h1=Q 48. a4 Qd5+ 49. Kb6 Qd4+ 50. Ka5 Qc4 51. b5 Kf4 52. b6
Qb3 53. b7 Ke4 54. b8=B Qxb8 55. Ka6 Qb4 56. Ka7 Kd5 57. a5 Kc6 58. a6 Kc7 59.
Ka8 Qb8# {Hossa checkmated} 0-1

[Event "ICS rated blitz match"]
[Site "204.178.125.65"]
[Date "2000.10.07"]
[Round "?"]
[White "QueenMaxima"]
[Black "Hossa"]
[Result "0-1"]
[WhiteElo "2545"]
[BlackElo "2537"]
[PlyCount "162"]
[EventDate "2000.??.??"]

1. d4 Nf6 2. Bf4 g6 3. Nf3 Bg7 4. e3 O-O 5. Nbd2 d6 6. h3 c5 7. Bg5 cxd4 8.
Nxd4 Qa5 9. Bxf6 Bxf6 10. c3 Nc6 11. Bd3 Ne5 12. N2f3 Nxd3+ 13. Qxd3 Qb6 14.
O-O-O Bd7 15. Qe4 a5 16. Rhe1 e5 17. Nc2 Be6 18. Qa4 Rac8 19. Nd2 Qc7 20. Ne4
Be7 21. Rg1 d5 22. Nd2 Bd7 23. Qb3 Bc6 24. a3 Bh4 25. g3 Bf6 26. f4 b5 27. Nf3
a4 28. Qa2 d4 29. Nxe5 Bxe5 30. fxe5 dxe3 31. Rge1 Rce8 32. Rxe3 Rxe5 33. Red3
Be4 34. Rd7 Qc5 35. Nd4 Qc8 36. Nc2 Bf5 37. R7d4 Bxc2 38. Kxc2 Qxh3 39. g4 Rg5
40. R1d3 Qh4 41. Rb4 Rxg4 42. Qd5 Rxb4 43. axb4 Qh2+ 44. Rd2 Qb8 45. Qh1 Qe5
46. Qd5 Qxd5 47. Rxd5 Rb8 48. Kd3 h5 49. Kd4 f6 50. Kc5 Kf7 51. Kc6 Ke6 52.
Rd6+ Ke5 53. Rd5+ Ke4 54. Rd4+ Kf5 55. Rd5+ Kf4 56. Rd4+ Kg3 57. Rd6 h4 58.
Rxf6 g5 59. Kc7 Rg8 60. Rd6 g4 61. Kc6 Rg5 62. Rd3+ Kh2 63. Rd4 h3 64. Rd2+ Kg3
65. Rd7 h2 66. Rd1 Kg2 67. Rd2+ Kh3 68. Kc7 g3 69. Rd6 g2 70. Rh6+ Kg3 71. Rxh2
Kxh2 72. c4 bxc4 73. Kd7 a3 74. b3 cxb3 75. Kc8 b2 76. Kb8 a2 77. Kc8 b1=Q 78.
Kc7 Qxb4 79. Kd7 Rg6 80. Kc7 Qe7+ 81. Kc8 Rg8# {QueenMaxima checkmated} 0-1

[Event "ICS rated blitz match"]
[Site "204.178.125.65"]
[Date "2000.10.07"]
[Round "?"]
[White "Hossa"]
[Black "Maup"]
[Result "1-0"]
[WhiteElo "2553"]
[BlackElo "2174"]
[PlyCount "135"]
[EventDate "2000.??.??"]

1. e4 d6 2. d4 e6 3. Nc3 Nd7 4. Nf3 Ne7 5. Be3 h6 6. Bd3 a6 7. O-O b6 8. a4 Bb7
9. a5 b5 10. Qe2 d5 11. Nd2 g6 12. exd5 Nxd5 13. Nxd5 Bxd5 14. Rfe1 Bg7 15. Ne4
O-O 16. Nc3 Bb7 17. Be4 Qc8 18. Qf3 Rb8 19. Bc6 Nf6 20. Ne4 Nxe4 21. Bxe4 Bxe4
22. Qxe4 Qb7 23. Qh4 Kh7 24. Bg5 Qd5 25. Be7 Rfe8 26. Bc5 Qg5 27. Qxg5 hxg5 28.
Re3 Red8 29. c3 Bf6 30. Rg3 Rd5 31. Re1 Rbd8 32. b3 Rf5 33. Kf1 Rd7 34. Ke2 Rd8
35. Rf1 Rd7 36. Ra1 Rd8 37. Ra2 Rd7 38. Rb2 Rd8 39. Ke3 Rd7 40. Ke4 Rf4+ 41.
Kd3 Rf5 42. Ba3 Rfd5 43. Ke3 Rf5 44. Ra2 Rfd5 45. Rc2 Rf5 46. Rg4 Rfd5 47. Re2
Kg7 48. Rg3 Rf5 49. Bb4 Rfd5 50. Rg4 Rd8 51. Kf3 R8d7 52. Rge4 Rd8 53. Bc5 R8d7
54. Ke3 Rd8 55. h3 R8d7 56. c4 Rf5 57. cxb5 axb5 58. a6 c6 59. a7 Rd8 60. Ra2
Ra8 61. Ra6 Rd5 62. Rxc6 Rd7 63. g3 Rb7 64. Ra6 Bd8 65. Kd3 Bb6 66. Bxb6 Rxb6
67. Rxb6 Rxa7 68. Rxb5 {Maup resigns} 1-0